000 00404nam a22001577a 4500
003 OSt
005 20220330163025.0
008 220330b |||||||| |||| 00| 0 eng d
040 _cHU
082 _a796.4/2
100 _aWARD IAN
_934727
245 _aATHLETICS FOR STUDENT & COACH
_cDENIS WATTS
260 _aGREAT BRITAIN
_bPELHAM BOOKS
_c1967
300 _a+3 176P.
_bHC
_c24CM.
942 _2ddc
_cBOOKS
_n0
999 _c33989
_d33989